| 000 | 00515cam a2200205 4500 | ||
|---|---|---|---|
| 001 | M93889 | ||
| 008 | 090401t1980 xxu||||| |||| 00| 0 eng d | ||
| 035 | _a(Sirsi) u88486 | ||
| 041 | _aeng | ||
| 110 |
_aEngland and Wales _bLands Tribunal _91252 |
||
| 245 | _aMorris v Braxton (Valuation Officer). | ||
| 260 |
_bLands Tribunal _c1980 |
||
| 300 | _a6p. ; 30cm. | ||
| 350 | _a0 | ||
| 490 |
_aLVC _v928/1979 |
||
| 650 | _aRATEABLE VALUES | ||
| 690 | _aRATING AND VALUATION | ||
| 942 | _n0 | ||
| 948 | _c15/09/1998 | ||
| 999 |
_c97354 _d97354 |
||